Автоматизация центрифуг : (Record no. 529626)
[ view plain ]
| 000 -LEADER | |
|---|---|
| fixed length control field | 01140nam a2200229 a 4500 |
| 003 - CONTROL NUMBER IDENTIFIER | |
| control field | AM-YeHGA |
| 040 ## - CATALOGING SOURCE | |
| Original cataloging agency | AM-YeHGA |
| 090 ## - LOCALLY ASSIGNED LC-TYPE CALL NUMBER (OCLC); LOCAL CALL NUMBER (RLIN) | |
| -- | 568104 |
| 005 - DATE AND TIME OF LATEST TRANSACTION | |
| control field | 20250617164807.0 |
| 008 - FIXED-LENGTH DATA ELEMENTS--GENERAL INFORMATION | |
| fixed length control field | 200918s1962 ru d||||r|||||001|0|rus|| |
| 041 0# - LANGUAGE CODE | |
| Language code of text/sound track or separate title | rus |
| 100 1# - MAIN ENTRY--PERSONAL NAME | |
| Personal name | Мордовский, Сергей Иванович |
| 245 10 - TITLE STATEMENT | |
| Title | Автоматизация центрифуг : |
| Remainder of title | [Обзор] / |
| Statement of responsibility, etc. | С.И. Мордовский. |
| 260 ## - PUBLICATION, DISTRIBUTION, ETC. | |
| Place of publication, distribution, etc. | Москва : |
| Name of publisher, distributor, etc. | Центр. ин-т науч.-техн. информации по автоматизации и машиностроению, |
| Date of publication, distribution, etc. | 1962. |
| 300 ## - PHYSICAL DESCRIPTION | |
| Extent | 65 с. : |
| Other physical details | черт. ; |
| Dimensions | 22 см. |
| 490 0# - SERIES STATEMENT | |
| Series statement | XII серия "Машиностроение за рубежом" / Гос. ком. Совета Министров СССР по автоматизации и машиностроению. НИИХиммаш |
| 504 ## - BIBLIOGRAPHY, ETC. NOTE | |
| Bibliography, etc. note | Библиогр.: с. 64 |
| 650 14 - SUBJECT ADDED ENTRY--TOPICAL TERM | |
| Topical term or geographic name entry element | Техника. Технические науки |
| 650 14 - SUBJECT ADDED ENTRY--TOPICAL TERM | |
| Topical term or geographic name entry element | Шлифование и подобные процессы |
| 653 0# - INDEX TERM--UNCONTROLLED | |
| Uncontrolled term | Центрифуги - Автоматическое управление |
| 942 ## - ADDED ENTRY ELEMENTS (KOHA) | |
| Source of classification or shelving scheme | Universal Decimal Classification |
| Koha item type | Գրքեր / Books |
| Withdrawn status | Lost status | Damaged status | Not for loan | Collection | Home library | Current library | Date acquired | Total checkouts | Full call number | Barcode | Date last seen | Price effective from | Koha item type | Public note |
|---|---|---|---|---|---|---|---|---|---|---|---|---|---|---|
| General | Fundamental Scientific Library | Fundamental Scientific Library | 08/04/2022 | РII/73244 | FL0676341 | 08/04/2022 | 08/04/2022 | Գրքեր / Books | 30 Days Loan |
ՀՀ Գիտությունների ազգային ակադեմիայի հիմնարար գիտական գրադարան = Fundamental Scientific Library of NAS RA
All site content, except where otherwise noted, is licensed under a